000 00584nam a2200217Ia 4500
005 20241129104341.0
008 241129s9999||||xx |||||||||||||| ||und||
020 _a9781138301993
037 _aTextual
040 _aRTL
_beng
_cRTL
041 _aeng
_2eng
084 _aY:3 Q7
_qRTL
100 _aBohm David
245 0 _aOn creativity
_cBohm David
260 _aNew York
_bRoutledge
_c2017
300 _axxxvi,153p.
365 _aINR
_b395
650 _aExploring Creative Practices and Expressions
_9725952
942 _cTB
_hY:3 Q7
999 _c1225522
_d1225522